[Event "GER-chT U12 Girls"]
[Site "Magdeburg"]
[Date "2023.12.30"]
[Round "7.1"]
[White "Wolf, Helena"]
[Black "Hladeniuk, Yelyzaveta"]
[Result "1/2-1/2"]
[WhiteElo "1188"]
[BlackElo "1362"]
[PlyCount "83"]
[EventDate "2023.12.26"]
[EventType "team-swiss"]
[EventRounds "7"]
[EventCountry "GER"]
[SourceTitle "CB03_2024"]
[SourceDate "2024.01.17"]
[SourceVersion "1"]
[SourceVersionDate "2024.01.17"]
[SourceQuality "1"]
[WhiteTeam "Bad Homburg"]
[BlackTeam "Paderborn Akademie"]
[WhiteTeamCountry "GER"]
[BlackTeamCountry "GER"]

1. e4 c6 2. d4 d5 3. exd5 cxd5 4. Bd3 Nc6 5. c3 Nf6 6. Bf4 h6 7. Nf3 Bg4 8. Nbd2 e6 9. Qb3 Qc8 10. 0-0 Bxf3 11. Nxf3 Be7 12. Rae1 0-0 13. h3 Na5 14. Qc2 Rd8 15. Ne5 Nc4 16. Qb3 Bd6 17. Qc2 Qc7 18. Bh2 Rac8 19. Qe2 b5 20. Rc1 Ne4 21. Rfd1 Nf6 22. Nf3 Bxh2+ 23. Nxh2 Qf4 24. Re1 Qd2 25. Rc2 Qxe2 26. Rexe2 Nh5 27. Re1 Nf4 28. Be2 Nxe2+ 29. Rexe2 Nd6 30. Nf3 Ne4 31. Nd2 Nxd2 32. Rcxd2 Rc4 33. Rd3 Rdc8 34. g3 Kf8 35. Kg2 Ke7 36. h4 Ra8 37. Ree3 a5 38. b3 Rc7 39. a3 a4 40. b4 Rc4 41. Kf1 Rac8 42. Ke2 1/2-1/2

[Event "World-chT Rapid"]
[Site "Dusseldorf"]
[Date "2023.08.28"]
[Round "9"]
[White "Mirzaiee Rad, Javad"]
[Black "Hladeniuk, Yelyzaveta"]
[Result "1-0"]
[WhiteElo "1721"]
[BlackElo "1362"]
[PlyCount "82"]
[EventDate "2023.08.26"]
[EventType "team-swiss (rapid)"]
[EventRounds "12"]
[EventCountry "GER"]
[SourceTitle "CBM 215 Extra"]
[Source "ChessBase"]
[SourceDate "2023.09.30"]
[SourceVersion "1"]
[SourceVersionDate "2023.09.30"]
[SourceQuality "1"]
[WhiteTeam "Phile Khoob CC"]
[BlackTeam "Chess Wizzards"]
[WhiteTeamCountry "IRI"]
[BlackTeamCountry "UKR"]

1. e4 c6 2. d4 d5 3. Nd2 dxe4 4. Nxe4 Bf5 5. Ng3 Bg6 6. h4 h6 7. Nf3 Nf6 8. h5 Bh7 9. Bd3 e6 10. Bxh7 Nxh7 11. Bf4 Be7 12. Qd2 Nd7 13. 0-0-0 Bg5 14. Nxg5 Nxg5 15. Bd6 Nf6 16. Ba3 Nge4 17. Nxe4 Nxe4 18. Qf4 Qg5 19. Qxg5 hxg5 20. Rhe1 Nxf2 21. Rd2 Ng4 22. d5 0-0-0 23. dxe6 fxe6 24. Rxd8+ Kxd8 25. Rxe6 Nf6 26. Re7 Kc8 27. Rxg7 Rxh5 28. Be7 Ne4 29. c3 Rh1+ 30. Kc2 Rh5 31. Kd3 Nf2+ 32. Ke2 Ne4 33. Ke3 Ng3 34. Rxg5 Nf5+ 35. Kf4 Rxg5 36. Bxg5 Ng7 37. Ke5 Kd7 38. Bf6 Nh5 39. g4 Ng3 40. g5 Nh5 41. g6 b6 1-0

[Event "World-chT Rapid"]
[Site "Dusseldorf"]
[Date "2023.08.26"]
[Round "2.8"]
[White "Hladeniuk, Yelyzaveta"]
[Black "Lobkin, Bohdan"]
[Result "0-1"]
[WhiteElo "1362"]
[BlackElo "1795"]
[PlyCount "60"]
[EventDate "2023.08.26"]
[EventType "team-swiss (rapid)"]
[EventRounds "12"]
[EventCountry "GER"]
[SourceTitle "CBM 215 Extra"]
[Source "ChessBase"]
[SourceDate "2023.09.30"]
[SourceVersion "1"]
[SourceVersionDate "2023.09.30"]
[SourceQuality "1"]
[WhiteTeam "Chess Wizzards"]
[BlackTeam "Germany and Friends"]
[WhiteTeamCountry "UKR"]
[BlackTeamCountry "GER"]

1. d4 Nf6 2. c4 c5 3. d5 e6 4. dxe6 fxe6 5. Bf4 d5 6. e3 Bd6 7. Ne2 0-0 8. g3 h6 9. Bg2 e5 10. Bxd5+ Kh8 11. Bxh6 gxh6 12. 0-0 Nxd5 13. Qxd5 Bc7 14. Qxc5 Bh3 15. Rc1 Qf6 16. Nf4 exf4 17. exf4 Bb6 18. Qa3 Na6 19. Qf3 Qc6 20. Qxc6 bxc6 21. Nc3 Rad8 22. Re1 Rd2 23. Ne4 Rxb2 24. a4 Bd4 25. Rab1 Rfb8 26. Rxb2 Rxb2 27. Nd6 Bxf2+ 28. Kh1 Bxe1 29. Nf7+ Kg7 30. Ne5 Bd2 0-1